000 00834nam a2200253Ia 4500
003 OSt
005 20220923215512.0
006 a|||||r|||| 00| 0
007 ta
008 220922b |||||||| |||| 00| 0 hin d
024 _a179,353
037 _cTextual
040 _aARTS
_cARTS
_bhin
041 _2hin
_ahin
082 _aO152,1I83:g, K0
100 _aशेष, चुन्नी लाल
_9156269
245 0 _aसूर का बसन्त वर्णन
246 _aSūr kā basanta varṇana
260 _aमथुरा
_b देशबन्धु पुस्तकालय
_c1960
300 _a184 पृ.
_ccm.
650 _aहिन्दी साहित्य
_9156264
942 _hO152,1I83:g, K0
_cTEXL
_2CC
999 _c332734
_d332734